000 00907nam a2200277Ia 4500
005 20220317001450.0
008 161108s2010 s g 000 f s
020 _a9789500397452
100 1 _aAmado, Jorge
_d1912-2001
245 1 0 _aCacao
_cJorge Amado ; traducción y notas de Estela Dos Santos
250 _a1a. edición
300 _a147 páginas
_c19 cm
490 _aAniversario Losada 1938-2008
650 1 4 _2LEMB
_aNovela brasileña
_ySiglo XX
650 1 4 _2LEMB
_aLiteratura brasileña
_ySiglo XX
650 1 4 _2LEMB
_aProblemas sociales en la literatura
650 1 4 _2LEMB
_aTrabajo en la literatura
700 1 _aDos Santos, Estela
_973584
942 _2loc
_cBKLIT
264 _aBuenos Aires
_bLosada
_c2010
336 _atexto
_btxt
_2rdacontent
337 _asin mediación
_bn
_2rdamedia
338 _avolumen
_bnc
_2rdacarrier
040 _aCO-BoRNBP
_bspa
_erda
_cCO-BoRNBP
084 _aN AMA2
999 _c7059
_d7059